[Event "DEM U12w 2020"]
[Site "Willingen GER"]
[Date "2020.10.31"]
[Round "7"]
[White "Heuberger, Sandra"]
[Black "Marrufo, Emilia"]
[Result "0-1"]
[Termination "normal"]
[Board "20"]
[WhiteElo "1004"]
[BlackElo "788"]
[WhiteClock "00:24:55"]
[BlackClock "00:55:01"]
[PlyCount "148"]
[WhiteFideId "16232151"]
[BlackFideId "16287363"]
[EventCountry "GER"]
[EventRounds "7"]
[EventType "swiss"]
[EventDate "2020.10.26"]

1. d4 {[%clk 1:30:57]} d5 {[%clk 1:30:42]} 2. c4 {[%clk 1:31:13]} c6 {[%clk
1:31:00]} 3. Nc3 {[%clk 1:31:00]} Nf6 {[%clk 1:31:00]} 4. Bg5 {[%clk 1:30:28]}
Ne4 {[%clk 1:30:57]} 5. Nxe4 {[%clk 1:28:23]} dxe4 {[%clk 1:30:47]} 6. e3
{[%clk 1:27:16]} g6 {[%clk 1:30:04]} 7. g3 {[%clk 1:23:07]} Bg7 {[%clk
1:28:37]} 8. Bg2 {[%clk 1:23:01]} Bf5 {[%clk 1:27:46]} 9. Ne2 {[%clk 1:18:53]}
O-O {[%clk 1:26:38]} 10. O-O {[%clk 1:15:10]} Nd7 {[%clk 1:23:18]} 11. Nc3
{[%clk 1:08:53]} h6 {[%clk 1:19:43]} 12. Bf4 {[%clk 1:05:37]} Nf6 {[%clk
1:17:58]} 13. Qb3 {[%clk 1:03:48]} Qd7 {[%clk 1:16:40]} 14. Rad1 {[%clk
1:03:35]} Rad8 {[%clk 1:12:54]} 15. Be5 {[%clk 1:02:02]} Qe6 {[%clk 1:11:42]}
16. Bxf6 {[%clk 0:57:18]} Bxf6 {[%clk 1:10:45]} 17. Rfe1 {[%clk 0:56:06]} Rfe8
{[%clk 1:09:04]} 18. Ne2 {[%clk 0:51:31]} Rd7 {[%clk 1:04:52]} 19. Nf4 {[%clk
0:48:58]} Qd6 {[%clk 1:02:40]} 20. Qc2 {[%clk 0:42:59]} e5 {[%clk 1:02:04]} 21.
dxe5 {[%clk 0:40:23]} Qxe5 {[%clk 1:01:59]} 22. Rxd7 {[%clk 0:39:48]} Bxd7
{[%clk 1:02:10]} 23. b3 {[%clk 0:38:26]} Bf5 {[%clk 0:58:08]} 24. Ne2 {[%clk
0:32:23]} Re7 {[%clk 0:55:37]} 25. Qd2 {[%clk 0:29:59]} Rd7 {[%clk 0:54:07]}
26. Qc2 {[%clk 0:28:49]} b6 {[%clk 0:51:47]} 27. Nd4 {[%clk 0:24:33]} Qa5
{[%clk 0:50:40]} 28. Rd1 {[%clk 0:23:44]} Bxd4 {[%clk 0:49:56]} 29. Rxd4 {[%clk
0:22:18]} Rxd4 {[%clk 0:49:35]} 30. exd4 {[%clk 0:22:32]} Qe1+ {[%clk 0:49:43]}
31. Bf1 {[%clk 0:22:51]} Bh3 {[%clk 0:49:47]} 32. Qe2 {[%clk 0:22:34]} Qxe2
{[%clk 0:49:31]} 33. Bxe2 {[%clk 0:22:57]} Kf8 {[%clk 0:49:36]} 34. d5 {[%clk
0:22:40]} cxd5 {[%clk 0:49:38]} 35. cxd5 {[%clk 0:23:05]} Ke7 {[%clk 0:49:37]}
36. a4 {[%clk 0:22:09]} a5 {[%clk 0:49:08]} 37. Bc4 {[%clk 0:22:11]} f5 {[%clk
0:49:06]} 38. Bf1 {[%clk 0:18:20]} Bxf1 {[%clk 0:49:19]} 39. Kxf1 {[%clk
0:18:46]} g5 {[%clk 0:49:34]} 40. Ke2 {[%clk 0:19:11]} f4 {[%clk 0:49:48]} 41.
gxf4 {[%clk 0:17:18]} gxf4 {[%clk 0:48:57]} 42. h3 {[%clk 0:17:12]} Kd6 {[%clk
0:49:13]} 43. h4 {[%clk 0:16:47]} Kxd5 {[%clk 0:49:36]} 44. h5 {[%clk 0:16:57]}
Kd4 {[%clk 0:49:56]} 45. f3 {[%clk 0:16:36]} Ke5 {[%clk 0:49:55]} 46. Kf2
{[%clk 0:16:31]} Kd4 {[%clk 0:50:00]} 47. Ke2 {[%clk 0:16:47]} e3 {[%clk
0:50:09]} 48. Ke1 {[%clk 0:16:52]} Kd3 {[%clk 0:50:24]} 49. Kd1 {[%clk
0:17:14]} Kc3 {[%clk 0:50:29]} 50. Ke2 {[%clk 0:17:32]} Kd4 {[%clk 0:50:16]}
51. Ke1 {[%clk 0:17:51]} Ke5 {[%clk 0:50:29]} 52. Ke2 {[%clk 0:18:08]} Kf5
{[%clk 0:50:23]} 53. Ke1 {[%clk 0:18:29]} Kg5 {[%clk 0:50:42]} 54. Ke2 {[%clk
0:18:52]} Kxh5 {[%clk 0:50:47]} 55. Ke1 {[%clk 0:19:15]} Kh4 {[%clk 0:51:06]}
56. Ke2 {[%clk 0:19:31]} Kg3 {[%clk 0:51:27]} 57. Ke1 {[%clk 0:19:45]} Kxf3
{[%clk 0:51:46]} 58. Kf1 {[%clk 0:20:01]} e2+ {[%clk 0:51:40]} 59. Ke1 {[%clk
0:20:25]} h5 {[%clk 0:52:01]} 60. Kd2 {[%clk 0:20:44]} Kf2 {[%clk 0:52:23]} 61.
Kd3 {[%clk 0:20:36]} e1=Q 62. Kd4 {[%clk 0:20:44]} Kg3 {[%clk 0:52:42]} 63. Kc5
{[%clk 0:21:02]} Qb4+ {[%clk 0:52:46]} 64. Kc6 {[%clk 0:21:15]} Qxb3 {[%clk
0:53:05]} 65. Kb7 {[%clk 0:21:37]} Qxa4 {[%clk 0:53:25]} 66. Kxb6 {[%clk
0:21:54]} f3 {[%clk 0:53:44]} 67. Kc5 {[%clk 0:22:14]} f2 {[%clk 0:54:04]} 68.
Kd6 {[%clk 0:22:40]} f1=R {[%clk 0:53:23]} 69. Ke7 {[%clk 0:23:02]} Qe4+ {[%clk
0:53:44]} 70. Kd6 {[%clk 0:23:26]} Rd1+ {[%clk 0:54:02]} 71. Kc5 {[%clk
0:23:43]} Qc2+ {[%clk 0:54:24]} 72. Kb6 {[%clk 0:24:08]} Rb1+ {[%clk 0:54:47]}
73. Ka6 {[%clk 0:24:33]} Qc6+ {[%clk 0:54:42]} 74. Ka7 {[%clk 0:24:55]} Qb7#
{[%clk 0:55:01]} 0-1